[Event "Nordic Championship 2005"]
[Site "Vammala FIN"]
[Date "2005.08.24"]
[Round "1.1"]
[White "Lehtinen, Heikki"]
[Black "Pedersen, Nicolai Vesterbaek"]
[Result "0-1"]
[WhiteElo "2402"]
[BlackElo "2488"]
[PlyCount "132"]
[EventDate "2005.08.25"]
[EventType "tourn"]
[EventRounds "11"]
[EventCountry "FIN"]
[EventCategory "7"]
[Source "lmi"]
[SourceDate "2005.09.03"]

1. c4 e5 2. g3 Nf6 3. Bg2 h6 4. Nc3 Bb4 5. Qb3 Bxc3 6. Qxc3 d6 7. d3 O-O 8. Nf3
Re8 9. O-O Nc6 10. e4 Bg4 11. Be3 Qd7 12. Nd2 Bh3 13. f3 Ne7 14. d4 Bxg2 15.
Kxg2 exd4 16. Bxd4 Nh5 17. f4 Nc6 18. Bf2 Re7 19. Rad1 Rae8 20. e5 Qg4 21. exd6
Nxf4+ 22. Kh1 Nh3 23. Qf3 Nxf2+ 24. Rxf2 Ne5 25. Qxg4 Nxg4 26. Rf4 Re1+ 27.
Rxe1 Rxe1+ 28. Kg2 cxd6 29. Nf3 Re2+ 30. Kf1 Re3 31. Rxg4 Rxf3+ 32. Ke2 Rf6 33.
Rd4 Kf8 34. Rd3 Re6+ 35. Kf3 Ke8 36. Ra3 a6 37. Rb3 Re7 38. Rb6 Rd7 39. Ke4 Kd8
40. Rb3 Re7+ 41. Kd4 Kc7 42. Rf3 f6 43. h4 Re2 44. Kc3 Kc6 45. Rd3 Re5 46. b4
d5 47. a3 h5 48. Rf3 dxc4 49. Kxc4 Re4+ 50. Kd3 Rg4 51. Ke2 Kb5 52. Kf2 Ka4 53.
Rc3 b5 54. Kf3 Rc4 55. Rd3 Rc1 56. Rd6 Kxa3 57. Rxa6+ Kxb4 58. Ra7 Rc3+ 59. Kf2
g5 60. Rh7 gxh4 61. gxh4 Rc5 62. Ke3 Kc3 63. Rf7 b4 64. Rxf6 b3 65. Rb6 Rc4 66.
Rb5 b2 0-1

[Event "Nordic Championship 2005"]
[Site "Vammala FIN"]
[Date "2005.08.24"]
[Round "1.5"]
[White "Sammalvuo, Tapani"]
[Black "Hillarp Persson, Tiger"]
[Result "0-1"]
[WhiteElo "2441"]
[BlackElo "2511"]
[PlyCount "88"]
[EventDate "2005.08.25"]
[EventType "tourn"]
[EventRounds "11"]
[EventCountry "FIN"]
[EventCategory "7"]
[Source "lmi"]
[SourceDate "2005.09.03"]

1. e4 c5 2. Nf3 d6 3. d4 cxd4 4. Nxd4 Nf6 5. Nc3 e6 6. Be3 Nc6 7. f3 Be7 8. Qd2
O-O 9. O-O-O a6 10. Kb1 Nxd4 11. Qxd4 b5 12. e5 dxe5 13. Qxe5 Qa5 14. Bd4 Bb7
15. Bc4 Rac8 16. Bb3 Qc7 17. Qxc7 Rxc7 18. a3 Rd8 19. Bb6 Rxd1+ 20. Rxd1 Rd7
21. Ba5 Rxd1+ 22. Nxd1 Bd6 23. h3 Nd5 24. Bd2 Nf4 25. Bxf4 Bxf4 26. c4 bxc4 27.
Bxc4 Kf8 28. Kc2 Ke7 29. b4 h5 30. Nf2 Be3 31. Ne4 f5 32. Kd3 Bb6 33. Nc5 Bxc5
34. bxc5 h4 35. Kd4 Kf6 36. c6 Bxc6 37. Bxa6 e5+ 38. Ke3 Ke7 39. Bc8 g6 40. Kf2
Kd6 41. Ke3 Bb5 42. Kf2 Bc4 43. Ke3 Kc7 44. Bxf5 gxf5 0-1

[Event "Nordic Championship 2005"]
[Site "Vammala FIN"]
[Date "2005.08.24"]
[Round "1.6"]
[White "Nyback, Tomi"]
[Black "Simonsen, Hans Kristian"]
[Result "1-0"]
[WhiteElo "2571"]
[BlackElo "2305"]
[PlyCount "109"]
[EventDate "2005.08.25"]
[EventType "tourn"]
[EventRounds "11"]
[EventCountry "FIN"]
[EventCategory "7"]
[Source "lmi"]
[SourceDate "2005.09.03"]

1. d4 Nf6 2. c4 e6 3. Nf3 d5 4. Nc3 Be7 5. Bg5 O-O 6. e3 h6 7. Bh4 Ne4 8. Bxe7
Qxe7 9. Rc1 Nxc3 10. Rxc3 c6 11. Bd3 dxc4 12. Bxc4 Nd7 13. O-O b6 14. Bd3 c5
15. Be4 Rb8 16. Qa4 Bb7 17. Bxb7 Rxb7 18. Qc2 a5 19. Rc1 Re8 20. dxc5 Nxc5 21.
Ne5 Rc7 22. Nc4 Nd7 23. h3 Qf8 24. Qd1 Rec8 25. Nxa5 Rxc3 26. Rxc3 Rxc3 27.
bxc3 Nf6 28. Nc4 Nd5 29. Qb3 Qc5 30. a4 f5 31. Kf1 Kh7 32. Ke1 Qc6 33. Kd2 Nf6
34. f3 Nd7 35. Qb5 Qc7 36. Kc2 Kg6 37. Nd2 Nf6 38. Qc4 Qd6 39. e4 Nd7 40. Nb3
Ne5 41. exf5+ exf5 42. Qb5 Qe6 43. Nd4 Qa2+ 44. Kd1 Qa1+ 45. Ke2 Qa2+ 46. Ke1
Qa1+ 47. Kf2 Qb2+ 48. Kg3 Qxb5 49. axb5 Nc4 50. Kf4 Na3 51. Ke5 h5 52. Kd5 Kf6
53. c4 g5 54. c5 Nxb5 55. cxb6 1-0

[Event "Nordic Championship 2005"]
[Site "Vammala FIN"]
[Date "2005.08.25"]
[Round "2.4"]
[White "Lie, Espen"]
[Black "Hardarson, Robert"]
[Result "1/2-1/2"]
[WhiteElo "2300"]
[BlackElo "2361"]
[PlyCount "65"]
[EventDate "2005.08.25"]
[EventType "tourn"]
[EventRounds "11"]
[EventCountry "FIN"]
[EventCategory "7"]
[Source "lmi"]
[SourceDate "2005.09.03"]

1. e4 e5 2. Nf3 Nc6 3. d4 exd4 4. Nxd4 Bb4+ 5. c3 Be7 6. Bc4 Nf6 7. Nxc6 dxc6
8. Qxd8+ Bxd8 9. f3 Nd7 10. Bf4 Nc5 11. Na3 b5 12. Be2 Ne6 13. Be3 a6 14. Nc2
Be7 15. Nd4 Bd7 16. O-O-O O-O-O 17. f4 g6 18. b4 Nxd4 19. Bxd4 Rhe8 20. a4 Bd6
21. e5 f6 22. exd6 Rxe2 23. axb5 axb5 24. dxc7 Kxc7 25. Rd2 Rxd2 26. Kxd2 Ra8
27. Bxf6 Ra2+ 28. Ke3 Rxg2 29. Be5+ Kd8 30. Kd4 Be6 31. Kc5 Kd7 32. h4 h5 33.
Bf6 1/2-1/2

[Event "Nordic Championship 2005"]
[Site "Vammala FIN"]
[Date "2005.08.25"]
[Round "2.6"]
[White "Lehtinen, Heikki"]
[Black "Thorfinnsson, Bragi"]
[Result "1/2-1/2"]
[WhiteElo "2402"]
[BlackElo "2448"]
[PlyCount "95"]
[EventDate "2005.08.25"]
[EventType "tourn"]
[EventRounds "11"]
[EventCountry "FIN"]
[EventCategory "7"]
[Source "lmi"]
[SourceDate "2005.09.03"]

1. c4 Nf6 2. g3 e5 3. Bg2 c6 4. d4 exd4 5. Qxd4 d5 6. Nf3 Be7 7. cxd5 cxd5 8.
O-O O-O 9. Nc3 Nc6 10. Qa4 Qb6 11. Qb5 Qxb5 12. Nxb5 Bg4 13. Be3 a6 14. Nbd4
Nxd4 15. Bxd4 Rac8 16. Rac1 Ne4 17. Rfd1 Rxc1 18. Rxc1 Rc8 19. Rxc8+ Bxc8 20.
Ne1 Bf6 21. Bxf6 Nxf6 22. Nd3 Kf8 23. Kf1 Ke7 24. Ke1 Kd6 25. Kd2 Be6 26. Kc3
Nd7 27. b4 b6 28. a3 Nb8 29. Nb2 Nc6 30. Na4 Kc7 31. f4 a5 32. e3 axb4+ 33.
axb4 Na7 34. Bf1 Bd7 35. Nb2 Bb5 36. Bg2 Bc6 37. Kd3 Bb5+ 38. Kd4 Nc6+ 39. Kc3
Ne7 40. Bf3 Kd6 41. g4 f6 42. h4 h6 43. h5 Nc6 44. Bd1 Na7 45. Na4 Kc6 46. Nb2
Bf1 47. Ba4+ Kd6 48. Kd2 1/2-1/2

[Event "Nordic Championship 2005"]
[Site "Vammala FIN"]
[Date "2005.08.27"]
[Round "4.1"]
[White "Pedersen, Nicolai Vesterbaek"]
[Black "Hillarp Persson, Tiger"]
[Result "1/2-1/2"]
[WhiteElo "2488"]
[BlackElo "2511"]
[PlyCount "41"]
[EventDate "2005.08.25"]
[EventType "tourn"]
[EventRounds "11"]
[EventCountry "FIN"]
[EventCategory "7"]
[Source "lmi"]
[SourceDate "2005.09.03"]

1. d4 Nf6 2. c4 e6 3. Nf3 c5 4. g3 cxd4 5. Nxd4 Bb4+ 6. Bd2 Bxd2+ 7. Qxd2 Ne4
8. Qc2 Qa5+ 9. Nd2 Nxd2 10. Qxd2 Qxd2+ 11. Kxd2 Nc6 12. e3 d6 13. Bg2 Bd7 14.
Rhc1 Ke7 15. Rc3 Rhc8 16. Rac1 Rab8 17. a3 a5 18. b3 h6 19. f4 g5 20. Nb5 Nd8
21. c5 1/2-1/2

[Event "Nordic Championship 2005"]
[Site "Vammala FIN"]
[Date "2005.08.27"]
[Round "4.2"]
[White "Agrest, Evgenij"]
[Black "Simonsen, Hans Kristian"]
[Result "1-0"]
[WhiteElo "2592"]
[BlackElo "2305"]
[PlyCount "81"]
[EventDate "2005.08.25"]
[EventType "tourn"]
[EventRounds "11"]
[EventCountry "FIN"]
[EventCategory "7"]
[Source "lmi"]
[SourceDate "2005.09.03"]

1. d4 Nf6 2. c4 g6 3. Nc3 Bg7 4. Nf3 d6 5. Bg5 h6 6. Bh4 g5 7. Bg3 Nh5 8. e3 c5
9. d5 Nxg3 10. hxg3 Qa5 11. Qc2 Nd7 12. Nd2 Nb6 13. Rc1 Bd7 14. Be2 Na4 15. Nd1
b5 16. O-O Rb8 17. e4 b4 18. Rb1 h5 19. Ne3 g4 20. Nb3 Qb6 21. Qd2 Kd8 22. f3
gxf3 23. Rxf3 Bf6 24. Rxf6 exf6 25. Rf1 Kc8 26. Rxf6 Qd8 27. Rxd6 Qe7 28. Nf5
Bxf5 29. Rc6+ Kd8 30. exf5 Re8 31. Bxh5 Rb6 32. Na5 Qe1+ 33. Qxe1 Rxe1+ 34. Kf2
Rb1 35. b3 Nc3 36. Bxf7 Ne4+ 37. Ke3 Nxg3 38. Be6 Rf1 39. Rc8+ Ke7 40. Nc6+ Kf6
41. d6 1-0

[Event "Nordic Championship 2005"]
[Site "Vammala FIN"]
[Date "2005.08.27"]
[Round "4.4"]
[White "Olsen, Heini"]
[Black "Sammalvuo, Tapani"]
[Result "0-1"]
[WhiteElo "2325"]
[BlackElo "2441"]
[PlyCount "98"]
[EventDate "2005.08.25"]
[EventType "tourn"]
[EventRounds "11"]
[EventCountry "FIN"]
[EventCategory "7"]
[Source "lmi"]
[SourceDate "2005.09.03"]

1. Nf3 Nf6 2. c4 e6 3. Nc3 Bb4 4. Qc2 O-O 5. a3 Bxc3 6. Qxc3 b6 7. e3 Bb7 8.
Be2 c5 9. b4 d6 10. Bb2 e5 11. O-O Re8 12. d3 Nc6 13. b5 Ne7 14. a4 a5 15. Rae1
Ng6 16. Nd2 Qd7 17. Bf3 Bxf3 18. Nxf3 Rac8 19. h3 h6 20. Qc2 d5 21. Rd1 d4 22.
Rfe1 Qf5 23. e4 Qe6 24. Bc1 Re7 25. Kh2 Ne8 26. Ng1 Nd6 27. Qe2 Rf8 28. Qg4 f5
29. exf5 Rxf5 30. f3 h5 31. Qg3 h4 32. Qg4 Qf6 33. Re4 Nf4 34. Bxf4 Nxe4 35.
dxe4 Rxf4 36. Qc8+ Kh7 37. Ne2 Re6 38. Nxf4 Qxf4+ 39. Kh1 Rg6 40. Qf5 Qxf5 41.
exf5 Rd6 42. Kg1 Kh6 43. Kf2 Kg5 44. Ke2 Kxf5 45. Kd3 Rg6 46. Rd2 e4+ 47. fxe4+
Ke5 48. Rf2 Rg3+ 49. Rf3 g5 0-1

[Event "Nordic Championship 2005"]
[Site "Vammala FIN"]
[Date "2005.08.27"]
[Round "4.5"]
[White "Lehtinen, Heikki"]
[Black "Hardarson, Robert"]
[Result "1-0"]
[WhiteElo "2402"]
[BlackElo "2361"]
[PlyCount "123"]
[EventDate "2005.08.25"]
[EventType "tourn"]
[EventRounds "11"]
[EventCountry "FIN"]
[EventCategory "7"]
[Source "lmi"]
[SourceDate "2005.09.03"]

1. c4 c5 2. g3 Nc6 3. Bg2 e5 4. Nc3 g6 5. a3 a5 6. Nf3 Bg7 7. d3 d6 8. Nd2 Nge7
9. Nf1 O-O 10. Ne3 h6 11. O-O Kh7 12. Rb1 Rb8 13. Bd2 b6 14. Ned5 Nxd5 15. Nxd5
Bb7 16. b4 axb4 17. axb4 Ne7 18. bxc5 Nxd5 19. c6 Bxc6 20. Bxd5 Bxd5 21. cxd5
Qd7 22. Qb3 b5 23. Rfc1 f5 24. Qb4 Rf7 25. Rc6 Bf8 26. Kg2 Rb7 27. f3 g5 28. h3
Rf6 29. Ra1 Qf7 30. e4 g4 31. hxg4 fxg4 32. f4 exf4 33. Bxf4 Rxf4 34. gxf4 Qxf4
35. Rf1 Qe3 36. Rxf8 Qh3+ 37. Kg1 Qg3+ 38. Kh1 Qh3+ 39. Kg1 Qg3+ 40. Kf1 Qxd3+
41. Ke1 Re7 42. Qd2 Rxe4+ 43. Kd1 Qb1+ 44. Rc1 Qb3+ 45. Rc2 Qa4 46. Qc3 Kg6 47.
Kc1 Rd4 48. Ra8 Qc4 49. Rg8+ Kh7 50. Qxc4 bxc4 51. Rd8 Rxd5 52. Rd2 Rg5 53.
Rd7+ Kg8 54. Ra2 Rg7 55. Ra8+ Kh7 56. Raa7 Rxd7 57. Rxd7+ Kg6 58. Kd2 h5 59.
Ke3 Kf5 60. Rxd6 g3 61. Rd4 c3 62. Rc4 1-0

[Event "Nordic Championship 2005"]
[Site "Vammala FIN"]
[Date "2005.08.27"]
[Round "4.6"]
[White "Thorfinnsson, Bragi"]
[Black "Tjomsland, Stig"]
[Result "0-1"]
[WhiteElo "2448"]
[BlackElo "2257"]
[PlyCount "88"]
[EventDate "2005.08.25"]
[EventType "tourn"]
[EventRounds "11"]
[EventCountry "FIN"]
[EventCategory "7"]
[Source "lmi"]
[SourceDate "2005.09.03"]

1. d4 Nf6 2. c4 g6 3. Nc3 Bg7 4. e4 d6 5. f4 O-O 6. Nf3 Na6 7. Be2 e5 8. dxe5
dxe5 9. Nxe5 Nc5 10. Qxd8 Rxd8 11. Bf3 Be6 12. O-O Nfd7 13. Nxd7 Rxd7 14. e5
Bxc4 15. Re1 Rad8 16. Bg4 Be6 17. Bxe6 fxe6 18. Be3 Nd3 19. Re2 Bf8 20. Ne4 Be7
21. a3 c5 22. g3 b5 23. Kg2 c4 24. h4 h5 25. Kh3 Rf8 26. Rd2 a5 27. g4 hxg4+
28. Kxg4 Rb8 29. Rh2 b4 30. axb4 axb4 31. Ra6 Kf7 32. Rc6 c3 33. b3 Rh8 34. Bc5
Nxc5 35. Nxc5 Rd2 36. Rh3 Rdd8 37. Nd3 Rc8 38. Rxc8 Rxc8 39. h5 gxh5+ 40. Rxh5
Kg7 41. f5 exf5+ 42. Kxf5 Rd8 43. Ke4 c2 44. Rh1 Bg5 0-1

[Event "Nordic Championship 2005"]
[Site "Vammala FIN"]
[Date "2005.08.28"]
[Round "5.1"]
[White "Tjomsland, Stig"]
[Black "Pedersen, Nicolai Vesterbaek"]
[Result "0-1"]
[WhiteElo "2257"]
[BlackElo "2488"]
[PlyCount "176"]
[EventDate "2005.08.25"]
[EventType "tourn"]
[EventRounds "11"]
[EventCountry "FIN"]
[EventCategory "7"]
[Source "lmi"]
[SourceDate "2005.09.03"]

1. d4 Nf6 2. c4 e6 3. Nc3 Bb4 4. Qc2 O-O 5. a3 Bxc3+ 6. Qxc3 b6 7. Bg5 Ba6 8.
e3 d6 9. Bd3 Nbd7 10. Ne2 c5 11. O-O h6 12. Bh4 Rc8 13. Qb3 cxd4 14. exd4 e5
15. Qa4 exd4 16. Bxf6 gxf6 17. Bf5 Bxc4 18. Rfe1 Be6 19. Bxe6 fxe6 20. Nxd4 Nc5
21. Qd1 Qd7 22. Qh5 e5 23. Nf5 Qh7 24. Re3 Ne6 25. Nxd6 Ng7 26. Rg3 Rc7 27. Qf3
Kh8 28. h3 Ne6 29. Re1 Nf4 30. Ne4 Qf5 31. Kh2 h5 32. Nc3 Rd7 33. Qc6 Qe6 34.
Qa4 Qf5 35. Ree3 a5 36. Qb5 Qe6 37. Ne2 Nxe2 38. Qxe2 Qf7 39. Ref3 Qe6 40. Rg6
Rh7 41. Qd2 Qe7 42. Qd5 Rg7 43. Rfg3 Rxg6 44. Rxg6 Qh7 45. Rg3 Rg8 46. Rb3 Qf5
47. Rf3 Qg6 48. Rc3 Qf5 49. Qd2 Kh7 50. Rf3 Qg6 51. Rg3 Qf7 52. Qd3+ Kh8 53.
Rxg8+ Qxg8 54. Qd6 Qg5 55. Qxb6 h4 56. Qc5 Qf4+ 57. Kg1 a4 58. Qb4 e4 59. Qc3
Kg7 60. Qc5 Kg6 61. Qc8 f5 62. Qc3 Qd6 63. Qe3 Qd5 64. Qf4 Kh5 65. Kh2 Qb5 66.
g3 hxg3+ 67. Kxg3 Qb3+ 68. Kh2 Qf7 69. h4 Qg6 70. Kh3 Qf6 71. Qg3 f4 72. Qg4+
Kh6 73. Qe2 Qf5+ 74. Kh2 Qe5 75. Qg4 Qf6 76. h5 e3 77. Kg2 exf2 78. Kxf2 Qxb2+
79. Kf1 Qc1+ 80. Kf2 Qc5+ 81. Kf1 Qg5 82. Qe6+ Kxh5 83. Qe8+ Kg4 84. Qxa4 Qd5
85. Qb4 Qd3+ 86. Kf2 Qe3+ 87. Kf1 Kg3 88. Qb2 Qf3+ 0-1

[Event "Nordic Championship 2005"]
[Site "Vammala FIN"]
[Date "2005.08.28"]
[Round "5.4"]
[White "Nyback, Tomi"]
[Black "Olsen, Heini"]
[Result "1-0"]
[WhiteElo "2571"]
[BlackElo "2325"]
[PlyCount "67"]
[EventDate "2005.08.25"]
[EventType "tourn"]
[EventRounds "11"]
[EventCountry "FIN"]
[EventCategory "7"]
[Source "lmi"]
[SourceDate "2005.09.03"]

1. d4 Nf6 2. c4 e6 3. Nf3 b6 4. g3 Ba6 5. b3 Bb7 6. Bg2 Bb4+ 7. Bd2 a5 8. O-O
O-O 9. Qc2 d6 10. Bc3 Nbd7 11. a3 Bxc3 12. Nxc3 Re8 13. e4 e5 14. Rfe1 c6 15.
Rad1 Qc7 16. Qd2 Ba6 17. d5 cxd5 18. Nxd5 Nxd5 19. Qxd5 Nc5 20. b4 Na4 21. Rc1
Rac8 22. Bh3 axb4 23. Bxc8 Rxc8 24. axb4 Bxc4 25. Qd2 b5 26. Red1 d5 27. exd5
Qd6 28. Nh4 g6 29. Ng2 Rd8 30. Ne3 Bb3 31. Re1 Nb6 32. Rc5 Nc4 33. Qc3 Nxe3 34.
Qxe3 1-0

[Event "Nordic Championship 2005"]
[Site "Vammala FIN"]
[Date "2005.08.28"]
[Round "5.6"]
[White "Hillarp Persson, Tiger"]
[Black "Agrest, Evgenij"]
[Result "1/2-1/2"]
[WhiteElo "2511"]
[BlackElo "2592"]
[PlyCount "55"]
[EventDate "2005.08.25"]
[EventType "tourn"]
[EventRounds "11"]
[EventCountry "FIN"]
[EventCategory "7"]
[Source "lmi"]
[SourceDate "2005.09.03"]

1. d4 Nf6 2. c4 e6 3. Nc3 Bb4 4. Qc2 d6 5. Nf3 O-O 6. Bg5 Nbd7 7. Nd2 c6 8. e3
e5 9. a3 Ba5 10. dxe5 Nxe5 11. b4 Bc7 12. Nde4 Qe7 13. Bxf6 gxf6 14. Nd2 f5 15.
g3 a5 16. Rb1 axb4 17. axb4 Be6 18. Be2 Ra3 19. O-O Qf6 20. Rfc1 Rfa8 21. Qb2
Qd8 22. Ra1 R3a7 23. Rxa7 Rxa7 24. Ra1 Qa8 25. Rd1 Qf8 26. Ra1 Qa8 27. Rd1 Qf8
28. Ra1 1/2-1/2

[Event "Nordic Championship 2005"]
[Site "Vammala FIN"]
[Date "2005.08.29"]
[Round "6.1"]
[White "Pedersen, Nicolai Vesterbaek"]
[Black "Agrest, Evgenij"]
[Result "1/2-1/2"]
[WhiteElo "2488"]
[BlackElo "2592"]
[PlyCount "32"]
[EventDate "2005.08.25"]
[EventType "tourn"]
[EventRounds "11"]
[EventCountry "FIN"]
[EventCategory "7"]
[Source "lmi"]
[SourceDate "2005.09.03"]

1. d4 Nf6 2. c4 e6 3. Nf3 b6 4. g3 Ba6 5. Qb3 Nc6 6. Nbd2 Na5 7. Qc3 c5 8. dxc5
bxc5 9. e4 d6 10. e5 dxe5 11. Bg2 Bb7 12. O-O Bd6 13. Nxe5 Bxg2 14. Kxg2 Qc7
15. Re1 O-O 16. b3 Nc6 1/2-1/2

[Event "Nordic Championship 2005"]
[Site "Vammala FIN"]
[Date "2005.08.29"]
[Round "6.2"]
[White "Lie, Espen"]
[Black "Hillarp Persson, Tiger"]
[Result "0-1"]
[WhiteElo "2300"]
[BlackElo "2511"]
[PlyCount "64"]
[EventDate "2005.08.25"]
[EventType "tourn"]
[EventRounds "11"]
[EventCountry "FIN"]
[EventCategory "7"]
[Source "lmi"]
[SourceDate "2005.09.03"]

1. c4 Nf6 2. g3 c6 3. Bg2 d5 4. Nf3 dxc4 5. Qc2 Be6 6. Ng5 Bd5 7. e4 h6 8. Nh3
Be6 9. Nf4 Bc8 10. Qxc4 e5 11. Ne2 c5 12. O-O Nc6 13. Nbc3 Bd6 14. d3 O-O 15.
Nd5 Nxd5 16. exd5 Ne7 17. f4 exf4 18. Bxf4 b5 19. Qc1 Rb8 20. Nc3 Bxf4 21. Qxf4
Bb7 22. d6 Ng6 23. Qf2 Bxg2 24. Kxg2 Qxd6 25. Ne4 Qd5 26. Qxc5 Qxd3 27. Qf5
Rbd8 28. Rae1 Rd5 29. Qf2 Re5 30. Nc3 b4 31. Rxe5 Nxe5 32. Rd1 bxc3 0-1

[Event "Nordic Championship 2005"]
[Site "Vammala FIN"]
[Date "2005.08.29"]
[Round "6.3"]
[White "Olsen, Heini"]
[Black "Simonsen, Hans Kristian"]
[Result "1/2-1/2"]
[WhiteElo "2325"]
[BlackElo "2305"]
[PlyCount "25"]
[EventDate "2005.08.25"]
[EventType "tourn"]
[EventRounds "11"]
[EventCountry "FIN"]
[EventCategory "7"]
[Source "lmi"]
[SourceDate "2005.09.03"]

1. d4 d5 2. c4 c6 3. cxd5 cxd5 4. Nf3 Nf6 5. Nc3 Nc6 6. Bf4 Bf5 7. e3 e6 8. Bd3
Bxd3 9. Qxd3 Bd6 10. Bxd6 Qxd6 11. O-O O-O 12. Rfc1 Rfc8 13. Qd1 1/2-1/2

[Event "Nordic Championship 2005"]
[Site "Vammala FIN"]
[Date "2005.08.29"]
[Round "6.5"]
[White "Thorfinnsson, Bragi"]
[Black "Sammalvuo, Tapani"]
[Result "1-0"]
[WhiteElo "2448"]
[BlackElo "2441"]
[PlyCount "71"]
[EventDate "2005.08.25"]
[EventType "tourn"]
[EventRounds "11"]
[EventCountry "FIN"]
[EventCategory "7"]
[Source "lmi"]
[SourceDate "2005.09.03"]

1. d4 d5 2. c4 e6 3. Nc3 Be7 4. Nf3 Nf6 5. cxd5 exd5 6. Bg5 c6 7. Qc2 g6 8. e3
Bf5 9. Bd3 Bxd3 10. Qxd3 Nbd7 11. O-O O-O 12. Rab1 a5 13. a3 Re8 14. Qc2 Ne4
15. Bf4 Bd6 16. Ne2 Nb6 17. Rfd1 Nc4 18. Bxd6 Qxd6 19. Ng3 a4 20. Nxe4 Rxe4 21.
Nd2 Nxd2 22. Qxd2 f5 23. Rbc1 Ra6 24. g3 h5 25. Rc5 h4 26. Kg2 Re7 27. Re1 Qe6
28. f3 Rh7 29. Ra5 hxg3 30. hxg3 f4 31. g4 fxe3 32. Rxe3 Qd6 33. Re8+ Kf7 34.
Re5 Rxa5 35. Qxa5 g5 36. Qa8 1-0

[Event "Nordic Championship 2005"]
[Site "Vammala FIN"]
[Date "2005.08.29"]
[Round "6.6"]
[White "Tjomsland, Stig"]
[Black "Hardarson, Robert"]
[Result "0-1"]
[WhiteElo "2257"]
[BlackElo "2361"]
[PlyCount "130"]
[EventDate "2005.08.25"]
[EventType "tourn"]
[EventRounds "11"]
[EventCountry "FIN"]
[EventCategory "7"]
[Source "lmi"]
[SourceDate "2005.09.03"]

1. d4 Nf6 2. c4 c5 3. d5 b5 4. Nf3 g6 5. cxb5 a6 6. Qc2 d6 7. e4 Bg7 8. Nc3 O-O
9. a4 e6 10. dxe6 Bxe6 11. Be2 axb5 12. Bxb5 Na6 13. O-O Nb4 14. Qe2 d5 15. e5
Ne8 16. Bg5 Qc7 17. Qd2 c4 18. Ne2 Nd3 19. Nf4 Nxe5 20. Nxd5 Nxf3+ 21. gxf3 Qc5
22. Rad1 Nc7 23. Nf6+ Kh8 24. Bd7 Qf5 25. Ne4 Qxf3 26. Qf4 Qxf4 27. Bxf4 Nd5
28. Bxe6 fxe6 29. Bc1 Rfb8 30. Rd2 Rxa4 31. Nc5 Ra5 32. Nxe6 Bf6 33. Rc2 Rc8
34. Rd1 Nb4 35. Bd2 Rd5 36. Rcc1 Nd3 37. Rc2 Rc6 38. Bh6 Rxe6 39. Rxc4 Re8 40.
b3 g5 41. Kf1 Kg8 42. Rg4 Kf7 43. h4 gxh4 44. Be3 Nxf2 45. Rxd5 Nxg4 46. Bg1
Kg6 47. Rd3 Re4 48. Kg2 Ne5 49. Re3 Rg4+ 50. Kh1 Kf5 51. Bh2 Ng6 52. Rf3+ Ke6
53. Bg1 Rg3 54. Re3+ Be5 55. Bf2 Rg4 56. Rf3 Bg3 57. Bg1 Ne5 58. Rc3 h5 59. Bc5
Re4 60. Re3 Rf4 61. b4 Rf1+ 62. Kg2 Rf2+ 63. Kg1 Rc2 64. Ra3 Kf5 65. Bd4 Kg4
0-1

[Event "Nordic Championship 2005"]
[Site "Vammala FIN"]
[Date "2005.08.30"]
[Round "7.1"]
[White "Hardarson, Robert"]
[Black "Pedersen, Nicolai Vesterbaek"]
[Result "1-0"]
[WhiteElo "2361"]
[BlackElo "2488"]
[PlyCount "101"]
[EventDate "2005.08.25"]
[EventType "tourn"]
[EventRounds "11"]
[EventCountry "FIN"]
[EventCategory "7"]
[Source "lmi"]
[SourceDate "2005.09.03"]

1. e4 c5 2. Nf3 d6 3. d4 cxd4 4. Nxd4 Nf6 5. Nc3 a6 6. f4 e5 7. Nf3 Nbd7 8. a4
b6 9. Bd3 Bb7 10. O-O Qc7 11. Kh1 Be7 12. Qe1 O-O 13. Nh4 Rfe8 14. Nf5 Bf8 15.
Qg3 Kh8 16. fxe5 Rxe5 17. Qh4 Nc5 18. Ng3 Rae8 19. Bf4 Nxd3 20. cxd3 Rc5 21.
Be3 Rxc3 22. bxc3 Qxc3 23. Rad1 Qb3 24. Nf5 Nd7 25. Nd4 Qa2 26. Rd2 Qxa4 27.
Rxf7 Qa1+ 28. Bg1 Bc8 29. Rdf2 Kg8 30. Rf1 Qc3 31. Qf4 Nf6 32. Rxf6 gxf6 33.
Qxf6 Qc7 34. Nf5 Bxf5 35. Qxf5 Bg7 36. Qd5+ Kh8 37. h3 Rg8 38. Bh2 Qc2 39. Bxd6
Qb2 40. e5 Qe2 41. Qf3 Qb2 42. Qe4 Qb5 43. Rf7 a5 44. e6 a4 45. d4 Qh5 46. Kh2
b5 47. d5 a3 48. Rf5 Qd1 49. Be5 Qa1 50. Bxa1 Bxa1 51. Rh5 1-0

[Event "Nordic Championship 2005"]
[Site "Vammala FIN"]
[Date "2005.08.30"]
[Round "7.2"]
[White "Hillarp Persson, Tiger"]
[Black "Olsen, Heini"]
[Result "1-0"]
[WhiteElo "2511"]
[BlackElo "2325"]
[PlyCount "85"]
[EventDate "2005.08.25"]
[EventType "tourn"]
[EventRounds "11"]
[EventCountry "FIN"]
[EventCategory "7"]
[Source "lmi"]
[SourceDate "2005.09.03"]

1. d4 Nf6 2. c4 e6 3. Nc3 Bb4 4. e3 O-O 5. Bd3 d5 6. Nf3 c5 7. O-O cxd4 8. exd4
dxc4 9. Bxc4 a6 10. a3 Bxc3 11. bxc3 b5 12. Bd3 Nc6 13. a4 b4 14. c4 Bb7 15.
Bb2 a5 16. Re1 Qd6 17. d5 exd5 18. cxd5 Ne7 19. Be5 Qb6 20. d6 Ng6 21. Bxf6
gxf6 22. d7 Rad8 23. Bb5 Ba6 24. Bxa6 Qxa6 25. Qd5 Qa8 26. Qf5 Qc6 27. Qxa5 b3
28. Rab1 Qxd7 29. Rxb3 Ra8 30. Qb5 Qg4 31. Rb4 Nf4 32. g3 Qxf3 33. Rxf4 Qc3 34.
Re3 Qa1+ 35. Kg2 Rfb8 36. Qc6 Qb2 37. Ref3 Qb6 38. Qe4 Re8 39. Qf5 Re6 40. Rg4+
Kf8 41. Qxh7 Qc6 42. Rg7 Ra7 43. Qg8+ 1-0

[Event "Nordic Championship 2005"]
[Site "Vammala FIN"]
[Date "2005.08.30"]
[Round "7.3"]
[White "Agrest, Evgenij"]
[Black "Lie, Espen"]
[Result "1/2-1/2"]
[WhiteElo "2592"]
[BlackElo "2300"]
[PlyCount "113"]
[EventDate "2005.08.25"]
[EventType "tourn"]
[EventRounds "11"]
[EventCountry "FIN"]
[EventCategory "7"]
[Source "lmi"]
[SourceDate "2005.09.03"]

1. d4 d5 2. Nf3 e6 3. c4 c5 4. cxd5 exd5 5. Nc3 Nc6 6. Bf4 Nf6 7. e3 Be6 8. Be2
Be7 9. dxc5 Bxc5 10. O-O O-O 11. Rc1 Bb6 12. Na4 d4 13. Nxb6 Qxb6 14. Nxd4 Rfd8
15. Qc2 Nxd4 16. exd4 Qxd4 17. Bc7 Rdc8 18. Rfd1 Qb4 19. a3 Qe7 20. Qc5 Qxc5
21. Rxc5 Ne8 22. Rdc1 b6 23. R5c3 Nxc7 24. Rxc7 Rxc7 25. Rxc7 Rc8 26. Rxc8+
Bxc8 27. f4 f6 28. Kf2 Kf7 29. Ke3 Ke7 30. Kd4 Kd6 31. Bd3 h6 32. b4 Bd7 33.
Bg6 Bc6 34. g3 Bd7 35. Be4 Be6 36. Bf3 Bd7 37. Kc4 Be8 38. Kd3 Bb5+ 39. Kd4 Bd7
40. Bd5 Be8 41. h4 Bd7 42. Bb3 Be8 43. Ke4 Bg6+ 44. Ke3 Be8 45. Kd4 Bd7 46. Ke4
Bc8 47. Bd1 Bd7 48. Be2 Bc8 49. Bb5 Be6 50. Kd3 Bf5+ 51. Kd4 Bc8 52. Be8 Be6
53. Ba4 Bc8 54. Bb5 Be6 55. Be8 Ke7 56. Bg6 Kd6 57. Be8 1/2-1/2

[Event "Nordic Championship 2005"]
[Site "Vammala FIN"]
[Date "2005.08.30"]
[Round "7.4"]
[White "Simonsen, Hans Kristian"]
[Black "Lehtinen, Heikki"]
[Result "0-1"]
[WhiteElo "2305"]
[BlackElo "2402"]
[PlyCount "69"]
[EventDate "2005.08.25"]
[EventType "tourn"]
[EventRounds "11"]
[EventCountry "FIN"]
[EventCategory "7"]
[Source "lmi"]
[SourceDate "2005.09.03"]

1. d4 d6 2. Nf3 g6 3. c4 Bg7 4. Nc3 e5 5. e4 exd4 6. Nxd4 Ne7 7. Be3 Nbc6 8.
Be2 O-O 9. h4 f5 10. h5 f4 11. Nxc6 bxc6 12. Bd4 Bxd4 13. Qxd4 c5 14. Qd2 g5
15. O-O-O Be6 16. e5 Nf5 17. Bg4 Bxc4 18. Bxf5 Rxf5 19. Rhe1 g4 20. Qc2 Rf7 21.
e6 Rg7 22. b3 Ba6 23. Nd5 Qg5 24. e7 Re8 25. Nxc7 Rexe7 26. Nxa6 f3+ 27. Kb1
Rxe1 28. Rxe1 fxg2 29. Qc4+ Rf7 30. Rg1 Qf5+ 31. Qc2 Qxh5 32. Qe4 Rxf2 33. Qe6+
Kg7 34. Qe7+ Qf7 35. Rh1 0-1